| 000 | 00580nam a22001937a 4500 | ||
|---|---|---|---|
| 003 | OSt | ||
| 005 | 20250508111926.0 | ||
| 008 | 250425b |||||||| |||| 00| 0 eng d | ||
| 020 | _a9781785603259 | ||
| 040 | _cRDA | ||
| 100 |
_aQuaddus,Mohammed., _eAuthor _9753002 |
||
| 245 |
_aE-SERVICES ADOPTION:PROCESSES BY FIRMS IN DEVELOPING NATIONS _cBy Mohammed Quaddus and Arch G. Woodside |
||
| 260 |
_aUNITED KINGDOM _bEMERALD GROUP _c2015 |
||
| 300 | _avii,488P | ||
| 490 | _v23A | ||
| 650 | _2E-Services | ||
| 700 |
_aWOODSIDE,ARCH G., _eEDITOR _9753003 |
||
| 942 |
_2CC _cGB _e1 _n0 |
||
| 999 |
_c1309388 _d1309388 |
||